|
|
|
|
| LEADER |
00000nam0a2200000 4500 |
| 001 |
153566 |
| 005 |
20250910120437.0 |
| 010 |
|
|
|a 9785976502116
|
| 010 |
|
|
|a 978-5-02-034835-6
|
| 035 |
|
|
|a (RuTPU)RU\TPU\book\166595
|
| 090 |
|
|
|a 153566
|
| 100 |
|
|
|a 20090213d2008 m y0rusy50 ca
|
| 101 |
0 |
|
|a rus
|
| 102 |
|
|
|a RU
|
| 105 |
|
|
|a y j 001zy
|
| 200 |
1 |
|
|a Глагольный вид в русском языке. Значение и употребление
|e учебное пособие
|f В. В. Гуревич
|
| 210 |
|
|
|a Москва
|c Флинта
|c Наука
|d 2008
|
| 215 |
|
|
|a 223 с.
|
| 225 |
1 |
|
|a Русский язык как иностранный
|
| 320 |
|
|
|a Библиогр.: с. 219-222.
|
| 330 |
|
|
|a В первой части пособия автор рассматривает глагольный вид как некоторую разновидность актуального членения предложения. Во второй части даны практические упражнения на употребление видов глагола с необходимыми теоретическими пояснениями. Для студентов-филологов, в том числе иностранных студентов, изучающих русский язык.
|
| 333 |
|
|
|a В фонде НТБ ТПУ отсутствует
|
| 606 |
1 |
|
|a Русский язык
|x Для других народов
|x Учебные руководства и пособия
|2 stltpush
|3 (RuTPU)RU\TPU\subj\26400
|9 50340
|
| 610 |
1 |
|
|a грамматика
|
| 610 |
1 |
|
|a глаголы
|
| 610 |
1 |
|
|a формы
|
| 610 |
1 |
|
|a виды
|
| 610 |
1 |
|
|a семантика
|
| 610 |
1 |
|
|a наклонение
|
| 610 |
1 |
|
|a учебные пособия
|
| 610 |
1 |
|
|a русский для иностранцев
|
| 610 |
1 |
|
|a русский как иностранный
|
| 686 |
|
|
|a Ш141.2-96
|2 rubbk
|
| 700 |
|
1 |
|a Гуревич
|b В. В.
|g Валерий Владимирович
|
| 801 |
|
1 |
|a RU
|b 63413507
|c 20090213
|g PSBO
|
| 801 |
|
2 |
|a RU
|b 63413507
|c 20170627
|g PSBO
|
| 942 |
|
|
|c BK
|